| 000 | 01482cam a22003134a 4500 | ||
|---|---|---|---|
| 001 | 13402065 | ||
| 005 | 20221230185209.0 | ||
| 008 | 031113s2004 dcua 000 0 eng | ||
| 906 |
_a7 _bcbc _corignew _d1 _eecip _f20 _gy-gencatlg |
||
| 925 | 0 |
_aacquire _b1 shelf copy _xpolicy default |
|
| 925 | 1 |
_aacquire _b2 shelf copies _xpolicy default |
|
| 955 |
_djb04 2003-11-19 _ejb20 2003-11-20 to dewey _epv11 2005-11-15 copy 2 to BCCD _fjb14 2004-10-28 CIP ver. _gjb18 2004-11-01 to BCCD |
||
| 010 | _a 2003024788 | ||
| 020 | _a1559633743 (cloth : alk. paper) | ||
| 020 | _a1559633751 (pbk. : alk. paper) | ||
| 040 |
_aDLC _cDLC _dDLC |
||
| 042 | _apcc | ||
| 050 | 0 | 0 |
_aQH541.15.R45 _bA88 2004 |
| 082 | 0 | 0 |
_a333.71/53 _222 |
| 245 | 0 | 0 |
_aAssembly rules and restoration ecology : _bbridging the gap between theory and practice / _cedited by Vicky M. Temperton ... [et al.]. |
| 260 |
_aWashington, D.C. : _bIsland Press, _cc2004. |
||
| 300 |
_axv, 439 p. : _bill. ; _c24 cm. |
||
| 440 | 0 | _aScience and practice of ecological restoration | |
| 650 | 0 | _aRestoration ecology. | |
| 650 | 0 | _aBiotic communities. | |
| 700 | 1 | _aTemperton, Vicky M. | |
| 856 | 4 | 1 |
_3Table of contents _uhttp://www.loc.gov/catdir/toc/ecip0411/2003024788.html |
| 856 | 4 | 2 |
_3Publisher description _uhttp://www.loc.gov/catdir/enhancements/fy0666/2003024788-d.html |
| 999 |
_c11111 _d11111 |
||